LEADER 01686nam a22003735a 4500
001 CEM.cems013077
005 20081127091656.0
008 130507s2008##################000#0#####d
003 CEMS
020 |a 9789875731745 
082 0 4 |a Z302 
100 1 |a Barros, Claudia 
245 1 0 |a Historia, geografia 2 esb /  |c Claudia Barros ... [et Al.] 
260 |a Buenos Aires :  |b  Sm,  |c 2008 
300 |a 239 p. 
490 0 |a Secundaria para todos 
500 |a Para nivel Educación Secundaria Básica 
505 0 |a América, un continente con historia -- Condiciones naturales y construcción de ambientes en América -- Problemas ambientales en América -- La población americana -- Actividades primarias y explotación de recursos naturales --Ciudades, industrias y servicios en América -- La organización política del continente americano -- El surgimiento del mundo moderno -- Tiempo de descubrimientos y de conquistas -- América, colonia europea (siglos XVII y XVIII) -- Tiempos de revolución en Europa y América -- Consolidación de la sociedad capitalista en Europa y América 
653 |a Historia 
653 |a Historia 2-esb 
653 |a Historia-educación secundaria básica 
653 |a Geografía 
653 |a Geografía de américa 
653 |a América-geografía 
653 |a Geografía 2-esb 
653 |a Geografía-educación secundaria básica 
700 1 |a Caneto, Mariana 
700 1 |a Dell Elicine, Eleonora Ariadna 
700 1 |a Flores, Fabián 
700 1 |a Martínez, Carina 
700 1 |a Mateo, José 
700 1 |a Rodil, Analía 
700 1 |a Villarreal, Federico 
859 |a CEMS  |b BIB. CEMS - 11 de abril  |h Z302  |i B278  |p 25501.08  |t Ej.1  |v 2  |3 2